LIBRARY & INFORMATION CENTRE, KCAET, TAVANUR

ONLINE PUBLIC ACCESS CATALOGUE (OPAC)

Grosmichel / (Record no. 937)

MARC details
000 -LEADER
fixed length control field 00275cam a2200109ua 4500
082 ## - DEWEY DECIMAL CLASSIFICATION NUMBER
Classification number 634.772
Item number KAN/GR
100 ## - MAIN ENTRY--AUTHOR NAME
Personal name Kannan, K .
245 ## - TITLE STATEMENT
Title Grosmichel /
260 ## - PUBLICATION, DISTRIBUTION, ETC. (IMPRINT)
Place of publication Kerala :
Name of publisher The Agriculture Information Service Department ,
Year of publication 1967.
300 ## - PHYSICAL DESCRIPTION
Number of Pages 20 ; .
942 ## - ADDED ENTRY ELEMENTS (KOHA)
Koha item type Books
Holdings
Withdrawn status Lost status Damaged status Home library Current library Date acquired Full call number Accession Number Koha item type
Withdrawn     KAUAET KAUAET 07/04/2012 634.772 13105 Books
Withdrawn     KAUAET KAUAET 07/04/2012 634.772 13104 Books
Withdrawn   Damaged KAUAET KAUAET 07/04/2012 634.772 13103 Books
Withdrawn   Damaged KAUAET KAUAET 07/04/2012 634.772 13107 Books
free website counter